The making of little punjab in Canada : (Record no. 126761)

MARC details
000 -LEADER
fixed length control field 00887nam a22002297a 4500
005 - DATE AND TIME OF LATEST TRANSACTION
control field 20170124110014.0
010 ## - LIBRARY OF CONGRESS CONTROL NUMBER
LC control number B-079324
020 ## - INTERNATIONAL STANDARD BOOK NUMBER
Terms of availability 00.00
International Standard Book Number 8178290057
035 ## - SYSTEM CONTROL NUMBER
System control number B-079324
037 ## - SOURCE OF ACQUISITION
Source of stock number/acquisition Cen Lib/Ret
040 ## - CATALOGING SOURCE
Original cataloging agency DPL
Language of cataloging EN
082 ## - DEWEY DECIMAL CLASSIFICATION NUMBER
Classification number 305.891420
Item number VER
100 ## - MAIN ENTRY--PERSONAL NAME
Personal name Verma, Archana B.
9 (RLIN) 18408
245 ## - TITLE STATEMENT
Title The making of little punjab in Canada :
Statement of responsibility, etc by Archana B.Verma
Remainder of title patterns of immigration /
260 ## - PUBLICATION, DISTRIBUTION, ETC. (IMPRINT)
Place of publication, distribution, etc New Delhi
Name of publisher, distributor, etc Sage Publications
Date of publication, distribution, etc 2002
270 ## - ADDRESS
City New Delhi
Address M-32, Market, Greater Kailash-I
Postal code 110048
300 ## - PHYSICAL DESCRIPTION
Extent 254p. :
Dimensions 22cm(Hb)
Other physical details ill.
500 ## - GENERAL NOTE
General note Includes bibliographical references and index
650 ## - SUBJECT ADDED ENTRY--TOPICAL TERM
Topical term or geographic name as entry element Panjabis (South Asian people) -- British Columbia -- History -- 20th century.
9 (RLIN) 18409
650 ## - SUBJECT ADDED ENTRY--TOPICAL TERM
Topical term or geographic name as entry element Rajput (Indic people) -- British Columbia -- History -- 20th century.
Geographic subdivision
9 (RLIN) 18410
942 ## - ADDED ENTRY ELEMENTS (KOHA)
Source of classification or shelving scheme Dewey Decimal Classification
Koha item type English Books
Classification part 305.891420
Call number suffix VER
Holdings
Withdrawn status Lost status Damaged status Not for loan Home library Current library Date acquired Source of acquisition Cost, normal purchase price Total Checkouts Full call number Barcode Date last seen Copy number Cost, replacement price Price effective from Koha item type
        Central Library Central Library 26/06/2015 Cen Lib/Ret 0.00   305.891420 VER B-079324 26/06/2015 1 0.00 26/06/2015 English Books

© Delhi Public Library
Hit Counter
free hit counter